000 00694nam a2200241 i 4500
001 16256
003 ES-MaACL
005 20240519063021.0
007 t|
008 000821s1992 sp ||||1| spa d
020 _a84-87101-67-4
080 _a821.134.2-14"19"
100 1 _aAtencia, María Victoria.
_923723
245 1 3 _aEl puente /
_cMaría Victoria Atencia.
250 _a1ª ed.
260 _aValencia :
_bPre-Textos,
_c1992.
300 _a37 p. ;
_c19 cm.
490 1 _aPoesía (Editorial Pre-Textos) ;
_v161.
830 0 0 _aPoesía (Editorial Pre-Textos) ;
_v161.
_9236462
852 _aES-MaACL
_jL-23542
_bR.128825
942 _2udc
999 _c16256
_d16256